000
00301nam a2200121Ia 4500
008
230303s9999 xx 000 0 und d
041
_a
eng
082
_a
621.3880401 GUL
100
_a
GULATI (R.R.)
245
_a
Color Television : Principles and Practice
260
_a
New Delhi
_b
TMH
365
_c
RS
999
_c
173938
_d
173938